MDQL
is popping MORE tags! Check the
thread
!
Quizzes
Events
Quiz Creation
Community
Videos
Private Events
Remove Ads
Sign In
Join for FREE
Feedback
Dark Mode
Quiz Categories
Sports
Geography
Music
Movies
Television
Just For Fun
Miscellaneous
History
Literature
Language
Science
Gaming
Entertainment
Religion
Holiday
For Kids
Quiz Lab
Recent
Popular Today
Quiz Kudos Today
Editor Picks
Curator Picks
Quizzes by...
Day
Popularity
Type
Ratings
Length
Year
Community
Subscriptions
Recent Discussions
Orange Saloon
Badges
Playlists
Quests
Create
Leaderboards
Showdown
Live 5
Trivia Bingo
Activity
Puzzle Library
Sporcle Events
Private Events
Virtual Trivia
Globe League
Become a Host
Pub Owners
SporcleCon
Opinionation
Our Games
Videos
Blog
Mobile Apps
Partnerships
Remove Ads and Go Orange
Feedback
Television
TV Characters
TV Show
Sitcom
Network
Friends
Reality Shows
Cast
South Park
Star Trek
The Simpsons
Doctor Who
Television
TV Characters
TV Show
Sitcom
Network
Friends
Reality Shows
Cast
South Park
Star Trek
The Simpsons
Doctor Who
Random Quiz
Search Sporcle
×
Quiz Lab
Quiz Lab
Television
Boy Meets World
Type in answers that appear in a list
Type in answers that appear in a list
Classic
Best Score? Go Orange.
Boy Meets World Slot Machine Stats
Can you name the characters of Boy Meets World and the actors/ actresses who portrayed them
By
WildeWolf
10m
80 Questions
528 Plays
528 Plays
528 Plays
Comments
Comments
Give Quiz Kudos
Give Quiz Kudos
-
- Ratings
hide this ad
More Info
Replay
Link that replays current quiz
Next Quiz
Link to next quiz in quiz playlist
You Got
0%
They Got
Avg Score
81%
Avg Friend Score
Upgrade to see
Score Distribution
Jump to the score distribution portion of the page
Score
0/80
Timer
10:00
0
Plays Today
Hint
Answer
% Correct
Character First Name
CMBS
98.7%
Character Last Name
CMBS
98.7%
Actor First Name
CMBS
98.7%
Actor Last Name
CMBS
98.7%
Character First Name
TLDF
96%
Character Last Name
TLDF
96%
Actor First Name
TLDF
96%
Actor Last Name
TLDF
96%
Character First Name
SHRS
95.6%
Character Last Name
SHRS
95.6%
Actor First Name
SHRS
95.6%
Actor Last Name
SHRS
95.6%
Character First Name
EMWF
94.1%
Character Last Name
EMWF
94.1%
Actor First Name
EMWF
94.1%
Actor Last Name
EMWF
94.1%
Character First Name
AMBR
89.8%
Character Last Name
AMBR
89.8%
Actor First Name
AMBR
89.8%
Actor Last Name
AMBR
89.8%
Character First Name
GFWD
88.6%
Character Last Name
GFWD
88.6%
Actor First Name
GFWD
88.6%
Actor Last Name
GFWD
88.6%
Character First Name
AMWR
86.7%
Character Last Name
AMWR
86.7%
Actor First Name
AMWR
86.7%
Actor Last Name
AMWR
86.7%
Character First Name
JHML
86.2%
Character Last Name
JHML
86.2%
Actor First Name
JHML
86.2%
Actor Last Name
JHML
86.2%
Character First Name
MMLN
84.8%
Character Last Name
MMLN
84.8%
Actor First Name
MMLN
84.8%
Actor Last Name
MMLN
84.8%
Character First Name
SMLN
84.3%
Character Last Name
SMLN
84.3%
Actor First Name
SMLN
84.3%
Actor Last Name
SMLN
84.3%
Hint
Answer
% Correct
Character First Name
AMTM
82%
Character Last Name
AMTM
82%
Actor First Name
AMTM
82%
Actor Last Name
AMTM
82%
Character First Name
MMLR
79.9%
Character Last Name
MMLR
79.9%
Actor First Name
MMLR
79.9%
Actor Last Name
MMLR
79.9%
Character First Name
JTAQ
76.3%
Character Last Name
JTAQ
76.3%
Actor First Name
JTAQ
76.3%
Actor Last Name
JTAQ
76.3%
Character First Name
RMMW
75.4%
Character Last Name
RMMW
75.4%
Actor First Name
RMMW
75.4%
Actor Last Name
RMMW
75.4%
Character First Name
CHBC
72.2%
Character Last Name
CHBC
72.2%
Actor First Name
CHBC
72.2%
Actor Last Name
CHBC
72.2%
Character First Name
FSES
71.6%
Character Last Name
FSES
71.6%
Actor First Name
FSES
71.6%
Actor Last Name
FSES
71.6%
Character First Name
HKDM
68.2%
Character Last Name
HKDM
68.2%
Actor First Name
HKDM
68.2%
Actor Last Name
HKDM
68.2%
Character First Name
EWAD
67.4%
Character Last Name
EWAD
67.4%
Actor First Name
EWAD
67.4%
Actor Last Name
EWAD
67.4%
Character Last Name
JBBL
67.2%
Character First Name
JBBL
67.2%
Actor First Name
JBBL
67.2%
Actor Last Name
JBBL
67.2%
Character First Name
JEBS
66.5%
Character Last Name
JEBS
66.5%
Actor First Name
JEBS
66.5%
Actor Last Name
JEBS
66.5%
Quiz Playlist
Details
Report
Send in Message
Add To Playlist
More Info:
To save time entering answers, you can just type the first letter of each clue. For example: Joshua Matthews Daniel Jacobs would be "JMDJ"
Classic:
Type in answers that appear in a list
Last Updated: Mar 23, 2017
Quiz Scoreboard
CHALLENGE
Sign Up to Join the Scoreboard
Show All
Scores
Hide
Comments
May contain spoilers
Recently Published
5x2 Blitz: Bands
by SL_Kpop136
Music
30s
Colored Red Africa Blitz
by spor1
Geography
30s
Find the 'City' Movie
by crazypaving
Movies
60s
More to Explore
Quiz From the Vault
Featured Blog Post
14 Easter Pick-up Lines to Find Eggs With
hide this ad
You Might Also Like...
Tags
Boy Meets World
Slot Machine
Today's Top Quizzes in Television
Browse Television
hide this ad
Top Contributed Quizzes in Television
1
Survivor Journey Challenge
2
Adjectives in 80s TV Shows
3
Adjectives in 00s TV Shows
4
5-to-1: The Simpsons Families
5
Adjectives in 10s TV Shows
6
5-to-1: Television Doctors
7
7-to-1: TV Show Settings
8
Adjectives in 70s TV Shows
9
5-to-1: Streaming Originals
10
Survivor Seasons
Explore More
Trending Topics
Disney
Crossword
NBA
Marvel
Harry Potter
Anime
Kpop
The Office
Soccer
Puzzle
Song
Country
Pokémon
WWE
NFL
hide this ad
More By:
WildeWolf
Quiz
Plays
Rating
Category
Featured
Created
Organ Words
112,924
4.69
Science
Jan 13, 2013
Downton Abbey Dowager Countess Quotes
18,805
4.61
Television
Jan 28, 2013
10 to 1: Hogwarts
11,687
4.90
Literature
Mar 23, 2017
Follow That Line: It's a Wonderful Life
7,498
4.78
Movies
Feb 22, 2013
The Lion King Scenes
4,958
3.15
Movies
Oct 30, 2013
Go to Creator's Profile
Score Distribution
Quiz Creator Spotlight
WildeWolf
Follow
Send a Message
Quizzes Created
-
Created Quiz Play Count
-
More By This Creator
Popular Quizzes Today
1
Find the 'City' Movie
2
5x2 Blitz: Bands
3
Find the US States - No Outlines Minefield
4
The Countries of the World
5
Find the US States
6
Colored Red Africa Blitz
7
9x9 Crossword: Cartoon Network
8
Risky Map Clicking: Biggest States A-Z
More Television Quizzes
Find the Vowel-less Cartoon Characters
Published
Trending Quizzes
Colored Red Africa Blitz II
Colored Red Europe Blitz I
Find the 'Dark' Movie
Find the 'Day' Movie
Find the 'Good' Movie
Recently Updated
Champions League XIs: Real Madrid
pecheneg
Largest US Cities 1790-2010
pecheneg
Rides in Walt Disney World
pecheneg
Most Oscar Losses (Acting)
pecheneg
Beyoncé Albums
pecheneg
Leaping Animals
pecheneg
Reality TV Shows (A-Z)
bhenderson79
Rickey Henderson's Hall of Fame Teammates
pecheneg
Champions League XIs: Arsenal
pecheneg
Quick Pick: Celebrities in WWE's Hall of Fame
aduchscher
Trending Topics
Disney
Harry Potter
NBA
Marvel
Crossword
Kpop
Anime
WWE
Country
Puzzle
The Office
Song
Soccer
Pokémon
NFL
Your Account Isn't Verified!
In order to create a playlist on Sporcle, you need to verify the email address you used during registration. Go to your
Sporcle Settings
to finish the process.
Report this User
Report this user for behavior that violates our
Community Guidelines
.
Details:
Send Report
Go to the Sporcle.com Mobile Site →
Comments